| 000 | 00374nam a22001697a 4500 | ||
|---|---|---|---|
| 005 | 20160528094128.0 | ||
| 008 | 160528b xxu||||| |||| 00| 0 eng d | ||
| 020 | _a978-0-07-014491-0 | ||
| 041 | _aeng | ||
| 082 | _b5600 | ||
| 100 |
_aSaxena, Rajan _91416 |
||
| 245 | _aMarketing Management | ||
| 260 | _bTMH | ||
| 300 | _a793 | ||
| 650 |
_aManagement _9241 |
||
| 942 | _cBK | ||
| 999 |
_c2005 _d2004 |
||